[Event "20th Dubai Open 2018"]
[Site "Dubai UAE"]
[Date "2018.04.10"]
[Round "9.15"]
[White "Viani, Antonio Dcunha"]
[Black "Mareco, Sandro"]
[Result "0-1"]
[WhiteTitle "IM"]
[BlackTitle "GM"]
[WhiteElo "2435"]
[BlackElo "2645"]
[WhiteFideId "5027330"]
[BlackFideId "112275"]
[EventDate "2018.04.02"]

1. e4 c6 2. d4 d5 3. exd5 cxd5 4. c4 Nf6 5. Nc3 Nc6 6. Bg5 Be6 7. a3 g6 8. Bxf6
exf6 9. c5 Bg7 10. Bb5 O-O 11. Nge2 f5 12. Qa4 Qc7 13. Bxc6 bxc6 14. f4 a5 15.
g3 Bc8 16. O-O-O Ba6 17. Rd2 Rfe8 18. Kb1 Re3 19. Nc1 h6 20. Nd1 Re6 21. Nf2 Bb5
22. Qc2 Rae8 23. a4 Bc4 24. b3 Ba6 25. Qb2 Re3 26. Nfd3 Qe7 27. Ne5 Bxe5 28.
dxe5 Qxc5 29. Rc2 Qb6 30. Rd1 Rb8 31. Ka2 c5 32. Rxd5 c4 33. Kb1 Qb4 34. bxc4
Bxc4 35. Rd6 Bb3 36. Rcd2 Qe4+ 37. Ka1 Qxa4+ 38. Na2 Re1+ 39. Rd1 Bxd1 40. Qxb8+
Kh7 41. Qb1 Bb3 0-1

[Event "20th Dubai Open 2018"]
[Site "Dubai UAE"]
[Date "2018.04.10"]
[Round "9.16"]
[White "Yilmaz, Mustafa"]
[Black "Raghunandan, Kaumandur Srihari"]
[Result "1-0"]
[WhiteTitle "GM"]
[BlackTitle "IM"]
[WhiteElo "2626"]
[BlackElo "2434"]
[WhiteFideId "6302718"]
[BlackFideId "25004964"]
[EventDate "2018.04.02"]

1. d4 d6 2. Nf3 Nf6 3. c4 g6 4. Nc3 Bf5 5. d5 Bg7 6. Nd4 Bd7 7. e4 O-O 8. Be2 e6
9. O-O exd5 10. cxd5 Re8 11. Bf3 c5 12. dxc6 Nxc6 13. Ndb5 Ne5 14. Be2 Bxb5 15.
Bxb5 Nc6 16. Bc4 Na5 17. Bd3 d5 18. Bb5 Re7 19. exd5 Re5 20. d6 Re6 21. Bg5 a6
22. Be2 Rxd6 23. Qc1 Nc6 24. Rd1 Nd4 25. Bf1 Ne6 26. Bh4 Rxd1 27. Qxd1 Qxd1 28.
Rxd1 Rd8 29. Rxd8+ Nxd8 30. Be2 Ne6 31. Bf3 b5 32. Bc6 g5 33. Bg3 Nh5 34. Bd6
Nhf4 35. Nd1 Nd3 36. Bb7 Nec5 37. Bc8 Ne4 38. Be7 Nxb2 39. Nxb2 Bxb2 40. Bxa6
Bd4 41. Bxb5 Bxf2+ 42. Kf1 Bb6 43. Bc6 Nd2+ 44. Ke2 Nc4 45. Bxg5 Kg7 46. Bd5 f6
47. Bc1 Nd6 48. a4 f5 49. Bf4 Nc8 50. Be5+ Kg6 51. Kd3 Bg1 52. a5 Kg5 53. Bb7
Na7 54. Bd4 Bxd4 55. Kxd4 Nb5+ 56. Kc5 Nc7 57. Kc6 1-0

[Event "20th Dubai Open 2018"]
[Site "Dubai UAE"]
[Date "2018.04.10"]
[Round "9.17"]
[White "Tabatabaei, M.amin"]
[Black "Arjun, Kalyan"]
[Result "1/2-1/2"]
[WhiteTitle "IM"]
[WhiteElo "2605"]
[BlackElo "2397"]
[WhiteFideId "12521213"]
[BlackFideId "35018701"]
[EventDate "2018.04.02"]

1. e4 e5 2. Nf3 Nc6 3. Bb5 a6 4. Ba4 Nf6 5. d3 d6 6. O-O b5 7. Bb3 Be7 8. a3 Na5
9. Ba2 c5 10. Nc3 Be6 11. Bg5 Nc6 12. h3 O-O 13. Bxf6 Bxf6 14. Nd5 g6 15. b4 Bg7
16. Qd2 Ne7 17. Nxe7+ Qxe7 18. Bxe6 Qxe6 19. a4 c4 20. axb5 axb5 21. Ng5 Qc8 22.
Rxa8 Qxa8 23. dxc4 bxc4 24. Qxd6 h6 25. Nf3 Qxe4 26. Rc1 c3 27. Qc5 Qb7 28. Nxe5
Rc8 29. Qd6 Bxe5 30. Qxe5 Qxb4 31. Rd1 Qa4 32. Qe2 Re8 33. Qd3 Qa5 34. h4 h5 35.
g3 Qe5 36. Kf1 Re6 37. Qd8+ Re8 38. Qd3 Re6 39. Qd8+ Re8 40. Qd7 Qe2+ 41. Kg1
Re6 42. Qd3 Kh7 43. Kg2 Kg8 44. Rc1 Qe5 45. Rd1 Qe2 46. Kg1 Kh7 47. Rc1 Qe5 48.
Qc4 Qf5 49. Kg2 Rf6 50. Qd4 Re6 51. Qxc3 Rf6 52. Qd4 Qf3+ 53. Kg1 Qc6 54. c4 Rd6
55. Qc3 Qc5 56. Qf3 Kg7 57. Qe2 Rc6 58. Qb2+ Kh7 59. Kg2 Rc8 60. Qb7 Rc7 61. Qe4
Kg7 62. Rc3 Kh7 63. Qe3 Qc6+ 64. Kg1 Qd6 65. c5 Qd5 66. Qg5 Qd4 67. Rc1 Rc6 68.
Qf4 Qd5 69. Qc4 Qf5 70. Qd4 Qc8 71. Qd5 Qc7 72. Kg2 Kg8 73. Rc3 Kg7 74. Qd4+ Kh7
75. Qf4 Qd7 76. Qe4 Qc7 77. Qd5 Kg7 78. Rc4 Kg8 79. Qd4 Kh7 80. Rc3 Qe7 81. Qd5
Qc7 82. Kf1 Kg8 83. Ke2 Qe7+ 84. Kf3 Qc7 85. Rc4 Kh7 86. Ke3 Qe7+ 87. Kd3 Rc8
88. Qe4 Qd7+ 89. Kc2 Rc6 90. Qd3 Qa7 1/2-1/2

[Event "20th Dubai Open 2018"]
[Site "Dubai UAE"]
[Date "2018.04.10"]
[Round "9.18"]
[White "Krysa, Leandro"]
[Black "Ashwath, R."]
[Result "1-0"]
[WhiteTitle "GM"]
[WhiteElo "2543"]
[BlackElo "2250"]
[WhiteFideId "116807"]
[BlackFideId "5021049"]
[EventDate "2018.04.02"]

1. Nf3 Nf6 2. g3 d5 3. Bg2 c6 4. O-O Bg4 5. h3 Bxf3 6. Bxf3 e5 7. d3 a5 8. a4
Bc5 9. e4 O-O 10. Nd2 Nbd7 11. Kg2 Qc7 12. Qe2 Rfe8 13. Rd1 Rad8 14. Nf1 Nf8 15.
Bg5 dxe4 16. dxe4 Be7 17. Qc4 Rxd1 18. Rxd1 Rd8 19. Rxd8 Qxd8 20. Ne3 Ne6 21.
Bxf6 Bxf6 22. Bg4 Nc7 23. Qc5 Na6 24. Qa7 Qc7 25. Be2 Nb8 26. Nc4 Bd8 27. Nxa5
Qxa5 28. Qxb8 Qc7 29. Qxc7 Bxc7 30. Bg4 Bd8 31. Bc8 b6 32. Bb7 c5 33. Kf3 Bg5
34. Ke2 c4 35. Bd5 Bc1 36. b3 cxb3 37. cxb3 Kf8 38. Kd3 Ke7 39. Kc4 Bb2 40. Kb5
Bd4 41. f3 Kd6 42. Bxf7 g5 43. b4 Bf2 44. Bh5 Be3 45. Ka6 Kc7 46. Kb5 Kd6 47.
Bg4 Bf2 48. Ka6 Kc7 49. f4 gxf4 50. gxf4 exf4 51. Kb5 Kd6 52. a5 bxa5 53. bxa5
Bg1 54. Kc4 Ke5 55. Bf3 h6 56. Kb5 Kd6 57. Kc4 Ke5 58. Bg2 Bf2 59. Kd3 Ba7 60.
Ke2 Kf6 61. Kf3 Bb8 62. Kg4 Kg6 63. a6 h5+ 64. Kf3 Kg5 65. Bf1 Kh4 66. Bc4 Kg5
67. Bb5 Kh4 68. Bd7 Kg5 69. e5 Ba7 70. e6 Kf6 71. Kxf4 h4 72. Ke4 Ke7 73. Kd5
Kd8 74. Ke4 1-0

[Event "20th Dubai Open 2018"]
[Site "Dubai UAE"]
[Date "2018.04.10"]
[Round "9.19"]
[White "Laxman, R.R."]
[Black "Gagare, Shardul"]
[Result "0-1"]
[WhiteTitle "GM"]
[BlackTitle "GM"]
[WhiteElo "2441"]
[BlackElo "2502"]
[WhiteFideId "5005361"]
[BlackFideId "5037883"]
[EventDate "2018.04.02"]

1. d4 d5 2. Nf3 Nf6 3. c4 c6 4. e3 e6 5. Nc3 Nbd7 6. Qc2 Bd6 7. Bd3 O-O 8. O-O
dxc4 9. Bxc4 e5 10. h3 h6 11. Bb3 Re8 12. dxe5 Nxe5 13. Nxe5 Bxe5 14. Rd1 Qe7
15. Bd2 Be6 16. Bxe6 Qxe6 17. Be1 c5 18. Ne2 Ne4 19. f3 Nd6 20. Rac1 b6 21. a4
Rad8 22. Bf2 Nc4 23. b3 Nxe3 24. Bxe3 Bf6 25. Bxc5 bxc5 26. Rxd8 Qe3+ 27. Kh1
Bxd8 28. Nc3 Bc7 29. Ne4 Qf4 30. Kg1 Be5 31. Rd1 Qh2+ 32. Kf1 Bd4 33. Nf2 Re6
34. Rd3 Rg6 35. g4 Re6 36. b4 g6 37. bxc5 Bxf2 0-1

[Event "20th Dubai Open 2018"]
[Site "Dubai UAE"]
[Date "2018.04.10"]
[Round "9.20"]
[White "Venkatesh, M.R."]
[Black "Zhu, Yilun"]
[Result "1-0"]
[WhiteTitle "GM"]
[WhiteElo "2487"]
[BlackElo "2195"]
[WhiteFideId "5005779"]
[BlackFideId "8609292"]
[EventDate "2018.04.02"]

1. e4 e5 2. Nf3 Nc6 3. Bb5 a6 4. Ba4 Nf6 5. d3 b5 6. Bb3 Bc5 7. Nc3 d6 8. Nd5 h6
9. Nxf6+ Qxf6 10. Bd5 Bd7 11. c3 Rb8 12. h3 Bb6 13. Be3 Ne7 14. Bb3 Ng6 15. Bxb6
Rxb6 16. g3 h5 17. Kf1 h4 18. Kg2 d5 19. Qe2 dxe4 20. dxe4 Rh6 21. Qe3 Rd6 22.
Rad1 Rxd1 23. Bxd1 hxg3 24. fxg3 Qc6 25. h4 Bg4 26. Bb3 Bxf3+ 27. Qxf3 Nh8 28.
Qf5 Rf6 29. Qxe5+ Kf8 30. Rd1 Rd6 31. Rxd6 cxd6 32. Qf5 Qc7 33. h5 Kg8 34. g4
Qa7 35. Qf2 Qe7 36. Bd5 Qg5 37. Kg3 Qc1 38. Bb3 Qh1 39. Qe3 Kh7 40. Bc2 Kg8 41.
e5 dxe5 42. Be4 Qf1 43. g5 Qd1 44. Bf3 Qd6 45. Qe4 Qe7 46. Kh4 g6 47. h6 f6 48.
Qa8+ Kh7 49. Qb7 fxg5+ 50. Kg4 Qxb7 51. Bxb7 a5 52. Bc6 b4 53. cxb4 axb4 54. Bd5
e4 55. a4 bxa3 56. bxa3 e3 57. Kf3 g4+ 58. Kxe3 g3 59. a4 g2 60. Ke4 1-0

[Event "20th Dubai Open 2018"]
[Site "Dubai UAE"]
[Date "2018.04.10"]
[Round "9.22"]
[White "Oleksiyenko, Mykhaylo"]
[Black "Muthaiah, AL"]
[Result "1-0"]
[WhiteTitle "GM"]
[WhiteElo "2621"]
[BlackElo "2372"]
[WhiteFideId "4152417"]
[BlackFideId "5092442"]
[EventDate "2018.04.02"]

1. e4 c5 2. Nf3 a6 3. c4 e6 4. d4 cxd4 5. Nxd4 Nf6 6. Nc3 Qc7 7. a3 b6 8. Be3
Bb7 9. f3 Be7 10. Be2 O-O 11. Rc1 d6 12. O-O Nbd7 13. b4 Rac8 14. Qd2 Qb8 15.
Rfd1 Rfe8 16. Bf1 h5 17. h3 h4 18. Bg5 Ne5 19. Na4 Ba8 20. Qe1 Ng6 21. Be3 Bd8
22. b5 a5 23. Nc6 Bxc6 24. bxc6 Rxc6 25. Rb1 Nd7 26. c5 Nxc5 27. Bb5 Qc8 28. Qd2
Rf8 29. Bxc6 Qxc6 30. Nxb6 Bxb6 31. Qxd6 Qxd6 32. Rxd6 Nxe4 33. Rdxb6 Nc3 34.
R1b3 Nd5 35. Rb8 Ne5 36. Bg5 Rxb8 37. Rxb8+ Kh7 38. Ra8 Nc4 39. Bxh4 Nxa3 40.
Rxa5 Nc4 41. Ra7 Kg6 42. Bf2 Ne5 43. Kh2 Nc6 44. Rb7 Na5 45. Rd7 Nc6 46. h4 Ne5
47. Rb7 f6 48. Bc5 Kh7 49. Bf8 Kg8 50. Bxg7 Nf7 51. Bxf6 Nxf6 52. Rb6 Ne5 53.
Rxe6 Nfd7 54. Kh3 Kf7 55. Ra6 Nf6 56. Ra3 Nd5 57. g3 Nc4 58. Ra6 Nce3 59. h5 Kg7
60. g4 Nf6 61. h6+ Kg6 62. h7 1-0

[Event "20th Dubai Open 2018"]
[Site "Dubai UAE"]
[Date "2018.04.10"]
[Round "9.23"]
[White "Pranav, V"]
[Black "Pantsulaia, Levan"]
[Result "0-1"]
[BlackTitle "GM"]
[WhiteElo "2366"]
[BlackElo "2592"]
[WhiteFideId "25060783"]
[BlackFideId "13602071"]
[EventDate "2018.04.02"]

1. e4 c5 2. Nf3 e6 3. d3 Nc6 4. g3 d5 5. Qe2 Nf6 6. Bg2 Be7 7. O-O O-O 8. e5 Ne8
9. c4 Nc7 10. Rd1 b5 11. h4 Ba6 12. b3 Qd7 13. Bf4 Rfd8 14. Nc3 bxc4 15. dxc4
Qe8 16. Nb5 Bxb5 17. cxb5 Nb8 18. a4 Nd7 19. Ng5 h6 20. Nh3 a6 21. bxa6 Rdb8 22.
Qg4 Rb4 23. Qf3 Qb8 24. Bf1 Rxb3 25. Qh5 Nf8 26. Bd3 Nxa6 27. Qg4 Nb4 28. Bb1
Nc6 29. Qh5 Qe8 30. Bxh6 gxh6 31. Qxh6 Nxe5 32. Nf4 Ng4 33. Qh5 f5 34. Qxe8 Rxe8
35. Nxe6 Nxe6 36. Bxf5 Bf6 37. Ra2 Bd4 38. Bxe6+ Rxe6 39. a5 Rxg3+ 40. Kh1 Nxf2+
41. Kh2 Rh3+ 42. Kg2 Rg6+ 43. Kf1 Nxd1 44. a6 Rg1+ 45. Ke2 Nc3+ 46. Kd2 Rg2+ 47.
Kc1 Rh1# 0-1

[Event "20th Dubai Open 2018"]
[Site "Dubai UAE"]
[Date "2018.04.10"]
[Round "9.24"]
[White "Kiriakov, Petr"]
[Black "Sidhant, Mohapatra"]
[Result "1-0"]
[WhiteTitle "GM"]
[BlackTitle "IM"]
[WhiteElo "2520"]
[BlackElo "2382"]
[WhiteFideId "4119231"]
[BlackFideId "5028698"]
[EventDate "2018.04.02"]

1. d4 Nf6 2. c4 e6 3. Nc3 Bb4 4. Qc2 d6 5. Bg5 Nbd7 6. e3 h6 7. Bh4 Qe7 8. Nf3
b6 9. Nd2 Bb7 10. a3 Bxc3 11. Qxc3 c5 12. dxc5 bxc5 13. f3 Ne5 14. Be2 O-O 15.
O-O Ng6 16. Bf2 e5 17. b4 e4 18. f4 Rfe8 19. Nb3 Rac8 20. Rad1 cxb4 21. axb4 Ba6
22. Ra1 Bxc4 23. Bxc4 d5 24. Nc5 dxc4 25. Qxc4 Rc7 26. Ra6 Kh7 27. Bg3 Rec8 28.
Qd4 Rd8 29. Qb2 Rd5 30. Qa2 Rf5 31. Rd1 h5 32. h3 h4 33. Be1 Nh5 34. Rd5 Rxd5
35. Qxd5 Nf6 36. Qg5 Qd8 37. f5 Ne7 38. Bxh4 Qd1+ 39. Kh2 Ned5 40. Bg3 Re7 41.
Rd6 Re8 42. Nd7 Qe2 43. Nxf6+ Nxf6 44. Bf4 Qb2 45. Rd4 Qf2 46. Qg3 Qe2 47. Qh4+
Kg8 48. Bg5 Nh7 49. f6 Qb5 50. Bf4 Nxf6 51. Qg5 Qxg5 52. Bxg5 Nh7 53. Bf4 g5 54.
Bc7 a6 55. Rd6 Re6 56. Rxe6 fxe6 57. Kg3 Kf7 58. Kg4 Nf6+ 59. Kxg5 Nd5 60. Bd6
Nxe3 61. Kf4 Nxg2+ 62. Kxe4 Nh4 63. Bc5 Ke8 64. Bf2 Nf5 65. Ke5 Kd7 66. h4 a5
67. b5 a4 68. h5 a3 69. Be1 a2 70. Bc3 Nd6 71. b6 Nc4+ 72. Kf6 Nxb6 73. Kf7 Nd5
74. Ba1 Nf4 75. h6 Nh3 76. Kf6 1-0

[Event "20th Dubai Open 2018"]
[Site "Dubai UAE"]
[Date "2018.04.10"]
[Round "9.25"]
[White "Sekar, B"]
[Black "Christiansen, Johan-Sebastian"]
[Result "0-1"]
[BlackTitle "IM"]
[WhiteElo "2298"]
[BlackElo "2498"]
[WhiteFideId "5043743"]
[BlackFideId "1512668"]
[EventDate "2018.04.02"]

1. e4 e6 2. d4 d5 3. Nd2 Nf6 4. e5 Nfd7 5. Bd3 c5 6. c3 Nc6 7. Ne2 cxd4 8. cxd4
f6 9. exf6 Nxf6 10. O-O Bd6 11. Nf3 Qc7 12. Nc3 a6 13. Bd2 O-O 14. Rc1 Bd7 15.
h3 Be8 16. Ng5 Qe7 17. Be3 h6 18. Nf3 Nh5 19. Re1 Qf6 20. Qe2 Bf7 21. Bb1 Ne7
22. Ne5 Nf4 23. Qf3 Bh5 24. Qg3 Rad8 25. Bd2 Neg6 26. Bxg6 Nxg6 27. f4 Ne7 28.
Qf2 Be8 29. Qe2 Nf5 30. Qd3 Rc8 31. Kh2 h5 32. a3 h4 33. Rf1 Qd8 34. Rcd1 Bh5
35. Rde1 Be8 36. Bc1 Qb6 37. Rd1 Rc7 38. Rfe1 Bh5 39. Nf3 Bxf3 40. Qxf3 Re7 41.
Qg4 Qc7 42. Rf1 Ref7 43. Rf3 Qc4 44. Rfd3 Bb8 45. Ne2 Ba7 46. Rc3 Qa4 47. Rcd3
Rf6 48. Qf3 Rg6 49. Qh5 Qe8 50. Qf3 Bb8 51. Rf1 Bd6 52. Bd2 Qb8 53. Kg1 Qa7 54.
Kh2 a5 55. Qf2 Qa6 56. Rc3 Bb8 57. Rc5 Ng3 0-1

[Event "20th Dubai Open 2018"]
[Site "Dubai UAE"]
[Date "2018.04.10"]
[Round "9.26"]
[White "San Juan, Dennis"]
[Black "Darini, Pouria"]
[Result "0-1"]
[BlackTitle "GM"]
[WhiteElo "2123"]
[BlackElo "2478"]
[WhiteFideId "5207533"]
[BlackFideId "12502200"]
[EventDate "2018.04.02"]

1. d4 Nf6 2. Nf3 g6 3. Bf4 Bg7 4. e3 O-O 5. h3 c5 6. c3 d6 7. Be2 Be6 8. O-O Qb6
9. Qc1 Nc6 10. Nbd2 cxd4 11. exd4 Rac8 12. Qb1 Bf5 13. Bd3 Bxd3 14. Qxd3 Nd5 15.
Bg3 Qxb2 16. Ne4 Qa3 17. Rfb1 Na5 18. Ne1 Nxc3 19. Nc2 Qa4 20. Nxc3 Qc4 21. Qxc4
Rxc4 22. Nd5 Rxc2 23. Nxe7+ Kh8 24. Bxd6 Rd8 25. Rc1 Rxc1+ 26. Rxc1 Rxd6 27.
Rc8+ Bf8 28. Rxf8+ Kg7 29. Ra8 a6 30. d5 Rd7 31. Re8 Nc4 32. Nc8 Rxd5 33. Re2
Rc5 34. Ne7 b5 35. g4 f6 36. f4 Kf7 37. Kf2 b4 38. Kf3 a5 0-1

[Event "20th Dubai Open 2018"]
[Site "Dubai UAE"]
[Date "2018.04.10"]
[Round "9.27"]
[White "Karthik, Venkataraman"]
[Black "Tissir, Mohamed"]
[Result "0-1"]
[WhiteTitle "FM"]
[BlackTitle "IM"]
[WhiteElo "2470"]
[BlackElo "2381"]
[WhiteFideId "25006479"]
[BlackFideId "9000240"]
[EventDate "2018.04.02"]

1. e4 c5 2. Nf3 d6 3. d4 cxd4 4. Nxd4 Nf6 5. Nc3 e6 6. g4 a6 7. g5 Nfd7 8. h4 b5
9. a3 Bb7 10. h5 Nc6 11. Nxc6 Bxc6 12. Bg2 Qc7 13. Rh3 h6 14. Qe2 Be7 15. Rg3
Rc8 16. g6 fxg6 17. Rxg6 Bf6 18. Bh3 Nf8 19. Rxf6 gxf6 20. Bf4 Qe7 21. O-O-O Rd8
22. Qe3 d5 23. exd5 Bxd5 24. Bxh6 Rg8 25. Re1 Bc4 26. Ne4 Rd5 27. Qb6 Nd7 28.
Qc6 Kf7 29. Nxf6 Re5 30. Ne4 Nc5 31. f3 Nxe4 32. fxe4 Rxh5 33. Rd1 Rxh3 34. b4
Rd8 0-1

[Event "20th Dubai Open 2018"]
[Site "Dubai UAE"]
[Date "2018.04.10"]
[Round "9.28"]
[White "Iniyan, P"]
[Black "Kulkarni, Bhakti"]
[Result "1-0"]
[WhiteTitle "IM"]
[BlackTitle "CM"]
[WhiteElo "2466"]
[BlackElo "2317"]
[WhiteFideId "25002767"]
[BlackFideId "5019516"]
[EventDate "2018.04.02"]

1. d4 d5 2. c4 e6 3. Nf3 Nf6 4. Nc3 Be7 5. g3 O-O 6. Bg2 c6 7. O-O b6 8. b3 Ba6
9. Qd3 Nbd7 10. e4 Rc8 11. Re1 Bb4 12. e5 Ne4 13. Nxe4 dxe4 14. Qxe4 Bxe1 15.
Qxe1 f6 16. exf6 Qxf6 17. Bf4 c5 18. Ng5 cxd4 19. Qxe6+ Qxe6 20. Nxe6 Rf6 21.
Nxd4 Kh8 22. Bh3 Rd8 23. Bg5 Ne5 24. Bxf6 gxf6 25. f4 Rxd4 26. fxe5 fxe5 27. Re1
e4 28. Kf2 Kg7 29. Bf5 Bb7 30. Ke2 h6 31. Rf1 a5 32. Be6 Kg6 33. Rd1 Rxd1 34.
Kxd1 Ba6 35. Kd2 Kf6 36. Bd7 Bb7 37. Ke3 Ke5 38. Be8 Bc8 39. Bg6 Bb7 40. a4 Bc6
41. g4 Bb7 42. h3 Bc6 43. Bf7 Bd7 44. Bd5 Bc8 45. Bxe4 Bd7 46. Bf3 Be6 47. h4
Bd7 48. Be2 1-0

[Event "20th Dubai Open 2018"]
[Site "Dubai UAE"]
[Date "2018.04.10"]
[Round "9.29"]
[White "Dhulipalla, Bala Chandra Prasad"]
[Black "Chakravarthi Reddy, M"]
[Result "0-1"]
[WhiteTitle "IM"]
[BlackTitle "IM"]
[WhiteElo "2294"]
[BlackElo "2442"]
[WhiteFideId "25005812"]
[BlackFideId "25009532"]
[EventDate "2018.04.02"]

1. d4 Nf6 2. Nf3 d5 3. c4 c6 4. Nc3 a6 5. c5 g6 6. Bg5 Bg7 7. e3 O-O 8. Be2 Nbd7
9. h3 Re8 10. O-O e5 11. dxe5 Nxe5 12. e4 Nxf3+ 13. Bxf3 d4 14. Na4 h6 15. Bh4
g5 16. Bg3 Nxe4 17. Bxe4 Rxe4 18. Nb6 Bf5 19. Nxa8 Qxa8 20. f4 Qd8 21. Qf3 Re3
22. Qf2 g4 23. hxg4 Bxg4 24. f5 Qd5 25. Bf4 Re2 26. Qg3 h5 27. Rad1 Rxb2 28. f6
Bxf6 29. Rd2 d3 30. Kh2 Rxd2 31. Bxd2 Be5 32. Bf4 Bxf4 33. Rxf4 d2 34. Qe3 d1=Q 0-1

[Event "20th Dubai Open 2018"]
[Site "Dubai UAE"]
[Date "2018.04.10"]
[Round "9.30"]
[White "Haria, Ravi"]
[Black "Sharma, Dinesh K."]
[Result "0-1"]
[WhiteTitle "IM"]
[BlackTitle "IM"]
[WhiteElo "2441"]
[BlackElo "2261"]
[WhiteFideId "415820"]
[BlackFideId "5004110"]
[EventDate "2018.04.02"]

1. Nf3 Nf6 2. g3 b5 3. Bg2 Bb7 4. O-O e6 5. d3 a6 6. c4 Be7 7. Nbd2 c5 8. b3 O-O
9. Bb2 d6 10. e3 Nc6 11. Qe2 Nd7 12. Rfd1 Bf6 13. d4 Qc7 14. Ne4 Be7 15. d5 exd5
16. cxd5 Nb4 17. Nh4 f5 18. Nc3 c4 19. bxc4 bxc4 20. Qh5 Nd3 21. Rxd3 cxd3 22.
Nxf5 Bf6 23. Be4 Rfe8 24. Nd4 Nf8 25. Bxd3 Bxd4 26. exd4 Re7 27. Ne4 Rae8 28.
Qg4 Kh8 29. Ba3 Bc8 30. Qf3 Rf7 31. Qg2 Rd7 32. Rc1 Qa5 33. Bxd6 Qxd5 34. Be5
Bb7 35. Bb1 Ng6 36. Rc5 Qxc5 37. Nxc5 Bxg2 38. Nxd7 Nxe5 39. Nxe5 Bd5 40. Bd3 a5
41. a4 Rc8 42. f3 g6 43. Kf2 Kg7 44. Ke3 Rc3 45. Kf4 Ra3 46. Be4 Rxa4 47. Bxd5
Rxd4+ 48. Be4 a4 49. Nc6 Rc4 50. Na5 Rb4 51. Nc6 Rc4 52. Na5 Rc5 53. Nb7 Rb5 54.
Nd8 a3 55. Ne6+ Kf6 56. Nd4 a2 57. Nc2 Rb2 58. Na1 Rb1 59. Nc2 Rc1 60. Na1 Rxa1
61. Bd5 g5+ 62. Kg4 Rh1 63. Bxa2 Rxh2 0-1

[Event "20th Dubai Open 2018"]
[Site "Dubai UAE"]
[Date "2018.04.10"]
[Round "9.31"]
[White "Sundararajan, Kidambi"]
[Black "Ranaldi, Lucas"]
[Result "1-0"]
[WhiteTitle "GM"]
[BlackTitle "FM"]
[WhiteElo "2436"]
[BlackElo "2226"]
[WhiteFideId "5005370"]
[BlackFideId "1519484"]
[EventDate "2018.04.02"]

1. d4 Nf6 2. c4 e6 3. Nf3 b6 4. Bf4 Bb7 5. e3 c5 6. Nc3 cxd4 7. exd4 Bb4 8. Bd3
O-O 9. O-O d5 10. Rc1 dxc4 11. Bxc4 Nc6 12. a3 Be7 13. Re1 Rc8 14. Ba2 Qd7 15.
Qd3 Rfd8 16. Rcd1 Bf8 17. Bg5 Be7 18. d5 exd5 19. Nxd5 Nxd5 20. Bxd5 Bf6 21.
Bxf6 gxf6 22. Qe4 Re8 23. Qf4 Rxe1+ 24. Nxe1 Re8 25. Nc2 Ne5 26. Ne3 Ng6 27.
Qxf6 Bc8 28. h3 Qe7 29. Qxe7 Rxe7 30. Rc1 Be6 31. Bxe6 fxe6 32. g3 Ne5 33. Rd1
Kf7 34. Kf1 Rc7 35. Ke2 Nd7 36. Rd2 Nf6 37. Rc2 Rd7 38. Ng4 Nxg4 39. hxg4 Kf6
40. f4 h6 41. Rd2 Rc7 42. Ke3 Rc1 43. Rh2 Kg6 44. Re2 Kf6 45. Kd2 Rg1 46. Re3
Rg2+ 47. Kc3 Rg1 48. Kb4 Rd1 49. Kb5 Rd5+ 50. Kc6 Rd2 51. b4 Rd4 52. Kb5 Rd7 53.
Ka6 Rg7 54. a4 Rd7 55. b5 Rg7 56. Rc3 Rd7 57. a5 bxa5 58. Kxa5 Rb7 59. Rd3 Rc7
60. Ka6 Rg7 61. Rc3 Rd7 62. Rc6 Rg7 63. Rc3 Rd7 64. Rc8 Rg7 65. Rf8+ Ke7 66. Rh8
Rxg4 67. Kxa7 Rxg3 68. b6 Ra3+ 69. Kb7 Ra4 70. Kc6 Rxf4 71. b7 Rc4+ 72. Kb5 Rc1
73. b8=Q Rb1+ 74. Kc5 Rxb8 75. Rxb8 1-0

[Event "20th Dubai Open 2018"]
[Site "Dubai UAE"]
[Date "2018.04.10"]
[Round "9.32"]
[White "Sindarov, Javokhir"]
[Black "Barretto, Franz"]
[Result "1-0"]
[WhiteTitle "IM"]
[WhiteElo "2431"]
[BlackElo "2099"]
[WhiteFideId "14205483"]
[BlackFideId "5216346"]
[EventDate "2018.04.02"]

1. e4 c5 2. Nc3 Nc6 3. g3 g6 4. Bg2 Bg7 5. d3 e6 6. Be3 d6 7. Nh3 h5 8. f4 Nd4
9. O-O Ne7 10. Ng5 Rb8 11. Qd2 b5 12. Nd1 b4 13. c3 bxc3 14. bxc3 Qa5 15. cxd4
Qxd2 16. Bxd2 Bxd4+ 17. Ne3 f6 18. Nf3 Bxa1 19. Rxa1 Ba6 20. e5 fxe5 21. fxe5 d5
22. Ng5 Bxd3 23. Nxe6 d4 24. Nd5 Rb1+ 25. Rxb1 Bxb1 26. Bg5 Nxd5 27. Bxd5 Bf5
28. Nxc5 Rh7 29. Bc6+ Kf7 30. Kf2 Be6 31. Ba4 Rh8 32. Bf6 Rb8 33. Nxe6 Kxe6 34.
Bb3+ Kf5 35. Ke2 g5 36. Kd3 h4 37. gxh4 gxh4 38. Bxh4 1-0

[Event "20th Dubai Open 2018"]
[Site "Dubai UAE"]
[Date "2018.04.10"]
[Round "9.33"]
[White "Khademalsharieh, Sarasadat"]
[Black "Song, Yuxin"]
[Result "1-0"]
[WhiteTitle "IM"]
[BlackTitle "WCM"]
[WhiteElo "2424"]
[BlackElo "2075"]
[WhiteFideId "12512214"]
[BlackFideId "8614300"]
[EventDate "2018.04.02"]

1. Nf3 Nf6 2. c4 e6 3. Nc3 Bb4 4. Qc2 O-O 5. a3 Bxc3 6. Qxc3 b6 7. g3 Bb7 8. Bg2
d6 9. d4 Nbd7 10. O-O c5 11. dxc5 Nxc5 12. b4 Nce4 13. Qd3 d5 14. Bb2 dxc4 15.
Qxc4 Rc8 16. Qb3 Qd5 17. Qe3 Rfd8 18. Ng5 Qxg5 19. Qxg5 Nxg5 20. Bxb7 Rc7 21.
Rfd1 Rxd1+ 22. Rxd1 Kf8 23. Ba6 Nd5 24. Be5 Rd7 25. Bb5 Rd8 26. Rc1 Ne4 27. f3
Nd2 28. Kf2 f6 29. Bb2 a5 30. Rc2 Ne7 31. bxa5 bxa5 32. a4 Kf7 33. e3 Nb3 34.
Ke1 Nd5 35. Ke2 Nb4 36. Rc7+ Kg6 37. Bc3 Nc1+ 38. Ke1 Ncd3+ 39. Ke2 Nc1+ 40. Kf2
Nd5 41. Bxf6 Nxf6 42. Rxc1 Rd2+ 43. Kg1 Nd5 44. Rc6 Kf7 45. e4 Ne3 46. Rc3 Nc2
47. Rd3 Nd4 48. f4 Rxd3 49. Bxd3 e5 50. Kf2 Kf6 51. Ke3 Nb3 52. h4 Nc5 53. Bb5
h6 54. f5 g6 55. fxg6 Kxg6 56. g4 Kf6 57. Bc6 Ke6 58. g5 hxg5 59. hxg5 Ke7 60.
Kf3 Ne6 61. Kg4 Ng7 62. Bd5 Kd6 63. g6 Kd7 64. Kg5 Ke7 65. Bf7 Kf8 66. Kh6 Ne8
67. Bxe8 Kg8 68. Bf7+ Kf8 69. Bd5 1-0

[Event "20th Dubai Open 2018"]
[Site "Dubai UAE"]
[Date "2018.04.10"]
[Round "9.34"]
[White "Karthik, Kumar Pradeep"]
[Black "Dimakiling, Oliver"]
[Result "1-0"]
[WhiteTitle "CM"]
[BlackTitle "IM"]
[WhiteElo "2191"]
[BlackElo "2412"]
[WhiteFideId "35045148"]
[BlackFideId "5202248"]
[EventDate "2018.04.02"]

1. e4 c5 2. Nf3 a6 3. g3 Nc6 4. Bg2 g6 5. O-O Bg7 6. c3 e5 7. d3 Nge7 8. a3 O-O
9. b4 cxb4 10. axb4 b5 11. Nbd2 h6 12. Bb2 Rb8 13. Ne1 f5 14. exf5 gxf5 15. f4
d6 16. fxe5 dxe5 17. Nb3 Kh7 18. Qe2 Rf6 19. Nc2 Rg6 20. Kh1 Qd6 21. Nc5 a5 22.
Ba3 Nd5 23. bxa5 Nxc3 24. Qe1 b4 25. Nxb4 Nxb4 26. Bxb4 Rxb4 27. Qxc3 Rb5 28.
Rac1 Qb8 29. a6 Rgb6 30. Na4 Rxa6 31. Qxc8 Qxc8 32. Rxc8 Rxa4 33. Bh3 e4 34.
dxe4 fxe4 35. Bd7 Rba5 36. Bxa4 Rxa4 37. Re8 Kg6 38. Re6+ Kg5 39. Rf4 Bd4 40.
Rfxe4 Kf5 41. Re2 h5 42. Rd6 h4 43. Rd5+ Kf6 44. Re4 Ra1+ 45. Kg2 Ra2+ 46. Kf3
Bg1 47. Rxh4 Bxh2 48. Rd1 Ra3+ 49. Kg2 Ra2+ 50. Kh3 Kf5 51. Rh1 Bxg3 52. Kxg3
Ra3+ 53. Kf2 Ra2+ 54. Ke3 1-0